| 000 | 00790nam a2200253 a 4500 | ||
|---|---|---|---|
| 001 | 000028683 | ||
| 003 | DO-SdBNP | ||
| 005 | 20240119104618.0 | ||
| 008 | 110411s2016 dr a 000 p spa d | ||
| 020 | _a9789945193619 | ||
| 040 |
_aDO-SdBNP _bspa _cBPMSU |
||
| 082 | 4 |
_aRD863.44 _bN576s 2016 _222 |
|
| 100 | 1 |
_aNg, Leibi _q(Ng, Leiby) |
|
| 245 | 1 | 0 |
_aSalto a las estrellas / _cLeibi Ng ; ilustraciones Guillermo Pèrez _b |
| 260 |
_aSanto Domingo : _bEditorial Santillana, _c2016 |
||
| 300 |
_a34 p. : _bils. ; _c20 cm. |
||
| 490 | 0 | _aLoQueleo | |
| 590 | _6Inventariado, 2023/VM | ||
| 650 | 4 | _aCuentos infantiles dominicanos | |
| 650 | 4 | _aLiteratura infantil dominicana | |
| 700 | 1 |
_aPérez, Guillermo _eilustraciones |
|
| 910 | _aVMateo V. Control de calidad (BPMSU) | ||
| 942 |
_2ddc _cBK |
||
| 999 |
_c14382 _d14382 |
||